Κατάλογος Βιβλιοθηκών Mediterranean College

Fashion at the edge : (Record no. 9931)

MARC details
000 -LEADER
fixed length control field 01902nam a22002537a 4500
005 - ΗΜΕΡΟΜΗΝΙΑ ΚΑΙ ΩΡΑ ΤΕΛΕΥΤΑΙΑΣ ΕΝΗΜΕΡΩΣΗΣ
Πεδίο ελέγχου 20250905131534.0
006 - FIXED-LENGTH DATA ELEMENTS--ADDITIONAL MATERIAL CHARACTERISTICS
Πεδίο ελέγχου σταθερού μήκους a|||||r|||||||||||
008 - FIXED-LENGTH DATA ELEMENTS--GENERAL INFORMATION
Πεδίο ελέγχου σταθερού μήκους t2023 a b 001 0 eng||
020 ## - ISBN
ISBN 9780300270952
040 ## - ΠΗΓΗ ΚΑΤΑΛΟΓΟΓΡΑΦΗΣΗΣ
Φορέας πρωτότυπης καταλογογράφησης MC Athens Campus Library
Γλώσσα καταλογογράφησης Αγγλικά
100 ## - MAIN ENTRY--PERSONAL NAME
Personal name Evans, Caroline
Σχέση Συγγραφέας
9 (RLIN) 10102
245 10 - ΤΙΤΛΟΣ ΚΑΙ ΔΗΛΩΣΗ ΥΠΕΥΘΥΝΟΤΗΤΑΣ
Τίτλος Fashion at the edge :
Remainder of title spectacle, modernity and deathliness /
Statement of responsibility, etc. Caroline Evans.
246 30 - VARYING FORM OF TITLE
Title proper/short title Spectacle, modernity and deathliness
264 #1 - PRODUCTION, PUBLICATION, DISTRIBUTION, MANUFACTURE, AND COPYRIGHT NOTICE
Place of production, publication, distribution, manufacture New Haven :
Name of producer, publisher, distributor, manufacturer Yale University Press,
Date of production, publication, distribution, manufacture, or copyright notice 2023.
300 ## - PHYSICAL DESCRIPTION
Extent vii, 326 pages :
Other physical details ill. ;
Διαστάσεις 28 cm
500 ## - GENERAL NOTE
Γενική σημείωση Previous edition: 2003.
504 ## - ΣΗΜΕΙΩΣΗ ΒΙΒΛΙΟΓΡΑΦΙΑΣ κλπ.
Σημείωση βιβλιογραφίας, κλπ. Includes bibliographical references (pages 310-319) and index.
520 ## - SUMMARY, ETC.
Summary, etc. Experimental fashion has a dark side, a preoccupation with representations of death, trauma, alienation and decay. This seminal publication offers an unexpected discussion of cutting-edge fashion in the 1990s, exploring what its disturbing themes tell us about consumer culture and contemporary anxieties. Caroline Evans analyses the work of innovative designers, the images of fashion photographers and the spectacular fashion shows that developed in the final decade of the twentieth century to arrive at a new understanding of fashion’s dark side and what it signifies.<br/><br/>Fashion at the Edge considers a range of ground- breaking fashion in unprecedented depth and detail, including the work of such designers as John Galliano, Alexander McQueen, Hussein Chalayan and Viktor & Rolf, and photographers such as Steven Meisel, Nick Knight and Juergen Teller.<br/>Drawing on diverse perspectives from Marx to Walter Benjamin, Evans shows that fashion stands at the very centre of the contemporary, and that it voices some of Western culture’s deepest concerns.<br/>
650 #0 - SUBJECT ADDED ENTRY--TOPICAL TERM
Topical term or geographic name entry element Fashion
9 (RLIN) 9926
650 #0 - SUBJECT ADDED ENTRY--TOPICAL TERM
Topical term or geographic name entry element Fashion and art
General subdivision History
9 (RLIN) 10078
650 #0 - SUBJECT ADDED ENTRY--TOPICAL TERM
Topical term or geographic name entry element Clothing and dress
General subdivision History
9 (RLIN) 10087
942 ## - ADDED ENTRY ELEMENTS (KOHA)
Koha item type Books
Holdings
Τύπος τεκμηρίου Βιβλιοθήκη Τρέχουσα τοποθεσία Barcode Αριθμός εισαγωγής Ημερομηνία απόκτησης Ταξιθετικό σύμβολο Αριθμός αντιτύπου Κατάσταση απόσυρσης Κατάσταση χαμένου Κατάσταση κατεστραμμένου Μη δανεισμός Σύνολο δανεισμών Σύνολο ανανεώσεων Ημερομηνία τελευταίας εμφάνισης Χρονολογία τελευταίου δανεισμού Η τιμή ισχύει από
Books MC Athens Campus Library MC Athens Campus Library 9780000099020 8109 05/09/2025 391.00905 EVA 1         2 1 18/11/2025 03/11/2025 05/09/2025

MC Athens Campus Library
Πατησίων 94 & Κοδριγκτώνος 13, 104 34
Πελλήνης 8 & Πατησίων 107, 112 51
Τ: +30 210 8899600

MC Thessaloniki Campus Library
Ίωνος Δραγούμη 21, 54625 | Ίωνος Δραγούμη 15, 54625
Τ: +30 2310 287779 – Τ: +30 2314 440300